000 00321nam a2200133Ia 4500
005 20251222144750.0
008 251222s9999||||xx |||||||||||||| ||spa||
020 _a84-8154-945-7
082 _a868.6/B18
100 _aBallesteros Pastor, José Manuel
245 0 _aPaisajes en Otoño
250 _a2a. ed.
942 _cLIB
999 _c19316
_d19316